000 00564nam a22002052 4500
001 0000011991
005 20151217152105.0
008 090123s xx 000 0 eng d
020 _a0875087245 :
040 _aKABU
_cKABU
100 1 _aMurray, Andrew.
_@0000168133
245 1 0 _aAbide in Christ /
_cAndrew Murray.
250 _a1st ed.
260 _aFort Washington, PA. :
_bCLC,
_c1997.
300 _a204 p.
650 0 _aChristian life.
_@0000149167
852 1 _9p380 KES
908 _a090123
950 _@1
999 _c8136
_d8136